| 000 | 00500nam a2200145Ia 4500 | ||
|---|---|---|---|
| 008 | 140724s9999 xx 000 0 und d | ||
| 050 |
_aZ 696 _b.F314 2008 |
||
| 100 | _aFeliciano, Orlando Cesar S. | ||
| 245 |
_aDigital library system of Cuenca Institute / _cOrlando Cesar S. Feliciano. |
||
| 260 |
_aLas PiƱas, Philippines : _bSouthville International School and Colleges, _cc2008. |
||
| 300 |
_a78 p. : _bcol. Ill. ; _c28 cm. |
||
| 521 | _aInformation Technology | ||
| 942 | _cTH | ||
| 999 |
_c228802 _d228802 |
||